Cyber Security: Challenges And Opportunities (Record no. 43620)

MARC details
000 -LEADER
fixed length control field 00485nam a22001697a 4500
005 - DATE AND TIME OF LATEST TRANSACTION
control field 20250416122833.0
008 - FIXED-LENGTH DATA ELEMENTS--GENERAL INFORMATION
fixed length control field 250416b |||||||| |||| 00| 0 eng d
020 ## - INTERNATIONAL STANDARD BOOK NUMBER
International Standard Book Number 9781647286811
041 ## - LANGUAGE CODE
Language code of text/sound track or separate title eng
082 ## - DEWEY DECIMAL CLASSIFICATION NUMBER
Classification number 303.48 CAS
100 ## - MAIN ENTRY--PERSONAL NAME
Author Casini,Conner
245 ## - TITLE STATEMENT
Title Cyber Security: Challenges And Opportunities
260 ## - PUBLICATION, DISTRIBUTION, ETC.
Place USA
Publisher Willford Press
Publication Year 2024
300 ## - PHYSICAL DESCRIPTION
Extent 216;. pages;
650 ## - SUBJECT ADDED ENTRY--TOPICAL TERM
Subject Cyberspace; Computer Security; Economic Development; National Security
942 ## - ADDED ENTRY ELEMENTS (KOHA)
Koha item type Books
Holdings
Withdrawn status Lost status Source of classification or shelving scheme Damaged status Not for loan Home library Current library Shelving location Accession Date Vendor Price Bill number Total Checkouts Full call number Barcode No Date last seen Discount Bill Date Koha item type Suggested By
    Dewey Decimal Classification     IMTN IMTN Rack 6-B 03/27/2025 Raghav Books Private Limited 13993.20 2374   303.48 CAS 33858 04/16/2025 33 02/14/2025 Books Dr. Mantha Raghu (Head Librarian)
Designed & Maintained by: LRC IMT Nagpur Contact: lrc@imtnag.ac.in© 2024. All Rights Reserved.